La cucaracha: un curioso insecto (Registro nro. 9079)
[ vista simple ]
| 000 -Cabecera | |
|---|---|
| Campo de control de longitud fija | 00609nam a22002417a 4500 |
| 005 - Fecha y hora de la última transacción | |
| Campo de control | 20240726185833.0 |
| 008 - Elementos de longitud fija--Información general | |
| Campo de control de longitud fija | 170320b1988 cr ||||| |||| 00| 0 spa d |
| 020 ## - International Standard Book Number | |
| Número Internacional Estándar del Libro (ISBN) | 9977672911 |
| 041 ## - Idioma | |
| Código de idioma | Español |
| 082 ## - Clasificación Decimal Dewey | |
| Número de clasificación | 595.728 V297c |
| 100 ## - Entrada principal--Autor personal | |
| Nombre personal | Vargas Vargas, Mario |
| 9 (RLIN) | 41328 |
| 245 ## - Título propiamente dicho | |
| Título | La cucaracha: un curioso insecto |
| 260 ## - Pie de imprenta | |
| Lugar de publicación, distribución, etc. | Costa Rica |
| 260 ## - Pie de imprenta | |
| Nombre del editor, distribuidor, etc. | EUCR |
| 260 ## - Pie de imprenta | |
| Fecha de publicación, distribución, etc. | 1995 |
| 300 ## - Descripción física | |
| Extensión | 89 páginas |
| 505 ## - Nota de contenido | |
| Nota de contenido | Inlcuye ilustraciones y fotografías |
| 650 ## - Materia general | |
| Temática (materia general) | BLATTARIAS |
| 650 ## - Materia general | |
| Temática (materia general) | CUCARACHAS |
| 650 ## - Materia general | |
| Temática (materia general) | ESPECIES COSTARRICENSES |
| 650 ## - Materia general | |
| Temática (materia general) | PELIGROS PARA SALUD |
| 942 ## - Punto de acceso adicional KOHA | |
| Tipo de ítem KOHA | Libro |
| Fuente del sistema de clasificación o colocación | Dewey Decimal Classification |
| Signatura completa | Código de barras | Programa Académico | Tipo de ítem |
|---|---|---|---|
| 595.728 V297c | 21748 | Turismo | Libro |